Ładuje się......

Experiments and demonstrations in physics : Bar-llan physics laboratory /

Opis bibliograficzny
1. autor: Kraftmakher, Yaakov
Format: Printed Book
Język:English
Wydane: Singapore: World Scientific, 2015.
Hasła przedmiotowe:
LEADER 00692 a2200181 4500
008 180508b xxu||||| |||| 00| 0 eng d
999 |c 116923  |d 116923 
020 |a 9789814434898 
082 |a 530.078  
100 |a Kraftmakher, Yaakov 
245 |a Experiments and demonstrations in physics :  |b Bar-llan physics laboratory /  |c Yaakov Kraftmakher 
260 |b World Scientific,  |c 2015.  |a Singapore: 
300 |a xii, 784p.  |c 24cm. 
650 |a Physics--Experiments 
650 |a Physics--Computer-assisted instruction 
650 |a Physics 
942 |2 ddc  |c BK 
952 |0 0  |1 0  |4 0  |6 530_078000000000000_KRA_E  |7 0  |9 125843  |a UL  |b UL  |c REF  |d 2017-12-04  |e 176  |g 6815.95  |l 0  |o 530.078 KRA/E  |p 98262  |r 2017-12-04  |v 9466.60  |y TXT